000771656 001__ 771656 000771656 005__ 20241028143920.0 000771656 0247_ $$2arXiv$$aarXiv:1904.12494 000771656 0247_ $$2DOI$$a10.48550/ARXIV.1904.12494 000771656 037__ $$aRWTH-2019-10309 000771656 041__ $$aEnglish 000771656 1001_ $$0P:(DE-82)IDM01705$$aJankuhn, Thomas$$b0$$eCorresponding author$$urwth 000771656 245__ $$aTrace Finite Element Methods for Surface Vector-Laplace Equations$$honline 000771656 260__ $$c2019 000771656 300__ $$a32 Seiten 000771656 3367_ $$028$$2EndNote$$aElectronic Article 000771656 3367_ $$0PUB:(DE-HGF)25$$2PUB:(DE-HGF)$$aPreprint$$bpreprint$$mpreprint 000771656 3367_ $$2BibTeX$$aARTICLE 000771656 3367_ $$2DRIVER$$apreprint 000771656 3367_ $$2DataCite$$aOutput Types/Working Paper 000771656 3367_ $$2ORCID$$aWORKING_PAPER 000771656 591__ $$aGermany 000771656 653_7 $$atrace finite element method 000771656 653_7 $$avector-Laplace 000771656 7001_ $$0P:(DE-82)IDM00103$$aReusken, Arnold$$b1$$eCorresponding author$$urwth 000771656 909CO $$ooai:publications.rwth-aachen.de:771656$$pVDB 000771656 9101_ $$0I:(DE-588b)36225-6$$6P:(DE-82)IDM01705$$aRWTH Aachen$$b0$$kRWTH 000771656 9101_ $$0I:(DE-588b)36225-6$$6P:(DE-82)IDM00103$$aRWTH Aachen$$b1$$kRWTH 000771656 9141_ $$y2019 000771656 9201_ $$0I:(DE-82)111710_20140620$$k111710$$lLehrstuhl für Numerische Mathematik$$x0 000771656 9201_ $$0I:(DE-82)110000_20140620$$k110000$$lFachgruppe Mathematik$$x1 000771656 9201_ $$0I:(DE-82)111410_20170801$$k111410$$lLehrstuhl für Angewandte Mathematik und Institut für Geometrie und Praktische Mathematik (N.N.)$$x2 000771656 961__ $$c2019-11-08T12:20:19.200017$$x2019-11-08T12:20:19.200017$$z2019-11-08T12:20:19.200017 000771656 980__ $$aI:(DE-82)110000_20140620 000771656 980__ $$aI:(DE-82)111410_20170801 000771656 980__ $$aI:(DE-82)111710_20140620 000771656 980__ $$aUNRESTRICTED 000771656 980__ $$aVDB 000771656 980__ $$apreprint